La determinación y el tratamiento fiscal del beneficio de los negocios realizados en Brasil por empresas extranjeras / (Record no. 132077)

MARC details
000 -LEADER
campo de control de longitud fija 00595nam a2200169 4500
001 - NÚMERO DE CONTROL
campo de control 132077
003 - IDENTIFICADOR DE NÚMERO DE CONTROL
campo de control ES-MaACL
005 - FECHA Y HORA DE LA ÚLTIMA TRANSACCIÓN
campo de control 20230906194112.0
007 - CAMPO FIJO DE DESCRIPCIÓN FÍSICA--INFORMACIÓN GENERAL
campo de control de longitud fija t|
008 - DATOS DE LONGITUD FIJA--INFORMACIÓN GENERAL
campo de control de longitud fija 070214s1964 po r ||||1| spa d
100 1# - ENTRADA PRINCIPAL--NOMBRE DE PERSONA
Nombre de persona Rodríguez Sáinz, Alfonso
9 (RLIN) 98789
245 13 - MENCIÓN DEL TÍTULO
Título La determinación y el tratamiento fiscal del beneficio de los negocios realizados en Brasil por empresas extranjeras /
Mención de responsabilidad, etc. Alfonso Rodríguez Sainz.
260 ## - PUBLICACIÓN, DISTRIBUCIÓN, ETC.
Lugar de publicación, distribución, etc. Lisboa :
Nombre del editor, distribuidor, etc. [s. n.],
Fecha de publicación, distribución, etc. 1964 (
Fabricante Imp. Oficinas de E. N. P.)
300 ## - DESCRIPCIÓN FÍSICA
Extensión 117 p. ;
Dimensiones 21 cm.
852 ## - LOCALIZACIÓN
Ubicación ES-MaACL
Número de control de estantería C-27142
Sublocalización o colección R.56224
Holdings
Estatus retirado Estado de pérdida Estado de daño No para préstamo Biblioteca de origen Biblioteca actual Ubicación en estantería Fecha de adquisición Fuente de adquisición Total de préstamos Signatura topográfica completa Código de barras Visto por última vez Precio de reemplazo Tipo de ítem Koha
        Biblioteca del Ateneo de Madrid Biblioteca del Ateneo de Madrid Depósito 2 17/01/2008     C-27142 1137508 23/02/2023 23/02/2023 Libro impreso